000 00482nam a22001697a 4500
003 NUST
005 20220915151923.0
008 170928b xxu||||| |||| 00| 0 eng d
040 _cNUST
082 _a330
100 _aSajjad,Aleena
_95093
245 _aAn investigation into the export supply determinants of selected south Asian economies
260 _aIslamabad
_c2014
300 _a62p
856 _uhttp://10.250.8.41:8080/xmlui/handle/123456789/30476
942 _2ddc
_cTHE
999 _c331458
_d331458